An Elegy on the much lamented death of the Right Honourable William Caulfield, Lord Viscount Charlemont : Who departed this life, on Thursday the 21st of this instant July, 1726. at his house on College-Green.

Bibliographic Details
Corporate Author: Gale (Firm)
Format: eBook
Language:English
Subjects:
Online Access:Connect to the full text of this electronic book

MARC

Tag First Indicator Second Indicator Subfields
LEADER 00000cam a2200000 4500
001 in00003867621
005 20190415191353.0
006 m o d
007 cr |n||||||||n
008 010803s1726 ie |||| o 00||||eng c
035 |a (CU-RivES)T232133 
035 |a (Uk-ES)006426543 
035 |a (OCoLC)510798890 
040 |a Uk-ES  |c Uk-ES  |d Cengage Gale  |d UtOrBLW 
245 0 3 |a An Elegy on the much lamented death of the Right Honourable William Caulfield, Lord Viscount Charlemont :  |b Who departed this life, on Thursday the 21st of this instant July, 1726. at his house on College-Green. 
264 3 |a [Dublin] :  |b Printed by Elizabeth Sadleir,  |c 1726. 
300 |a 1 online resource (1 sheet) :  |b illustrations; 
336 |a text  |b txt  |2 rdacontent 
337 |a computer  |b c  |2 rdamedia 
338 |a online resource  |b cr  |2 rdacarrier 
500 |a "Oh! cruel death can nothing stop thy rage". 
509 |a Verify punctuation of first line of verse. 
510 4 |a Foxon,  |c E80 
510 4 |a English Short Title Catalog,  |c T232133. 
500 |a Reproduction of original from Trinity College Library. 
500 |a Electronic resource. 
650 0 |a Elegiac poetry, English  |v Early works to 1800. 
655 7 |a Electronic books.  |2 local 
655 7 |a Single sheet verse.  |2 rbgenr 
710 2 |a Gale (Firm)  |0 http://id.loc.gov/authorities/names/no2008071348 
752 |a Ireland  |d Dublin. 
856 4 0 |u http://proxy.library.tamu.edu/login?url=http://find.galegroup.com/ecco/infomark.do?contentSet=ECCOArticles&docType=ECCOArticles&bookId=1719504700&type=getFullCitation&tabID=T001&prodId=ECCO&docLevel=TEXT_GRAPHICS&version=1.0&source=library&userGroupName=txshracd2898  |z Connect to the full text of this electronic book  |t 0 
999 f f |s bbf18e02-fdbe-31c0-83d7-43ce10c90bf8  |i 226e133a-2c69-34eb-bf7a-64f8d44e9166  |t 0 
952 f f |a Texas A&M University  |b College Station  |c Electronic Resources  |d Available Online  |t 0  |h No information provided 
998 f f |t 0  |l Available Online